Slovak glass decades 1960-2010

Bibliographic Details
Main Author: Jankovičová, Sabina, 1977- (Author)
Other Authors: McCullough, Paul, 1956- (Translator), Müllerová, Katarína, 1978- (Translator)
Format: Book
Language:English
Slovak
PhysicalDescription:123 s. fareb. fotogr. 30 cm
Published: Bratislava Gallery NOVA 2012
ISBN:9788097093006
Edition:1st ed.
Subjects:

MARC

LEADER 00000nam a22000005a 4500
001 vtls010466824
003 SK-MaSNL
005 20260425230104.0
008 240315s2012 xo o e 000 0 eng
015 |a SNBA2013 
020 |a 9788097093006  |q (viaz.) 
035 |a C95CFC57-88A6-4A06-BF0A-32AD0C6FFEFE 
035 |a urn:nbn:sk:snk-amjydb 
035 |a urn:nbn:sk:snk-am0081rd 
040 |a SNK  |b slo  |c SNK  |e AACR2 
041 1 |a eng  |h slo 
043 |a e-xo--- 
044 |a xo  |c SK 
072 7 |a 74  |x Kresba. Umelecké remeslá  |2 konspekt 
080 |a 748  |2 2001 
080 |a 748.071.1  |2 2001 
080 |a (437.6)  |2 2001 
080 |a (084.11)  |2 2001 
100 1 |a Jankovičová, Sabina,  |d 1977-  |4 aut  |9 104458 
245 1 0 |a Slovak glass  |b decades 1960-2010  |c Sabina Jankovičová ; [preklad: Paul McCullogh, Katarína Müllerová] 
250 |a 1st ed. 
260 |a Bratislava  |b Gallery NOVA  |c 2012 
300 |a 123 s.  |b fareb. fotogr.  |c 30 cm 
500 |a Spoluvydav. Umenie 
504 |a Použité skrat. Výber. bibliogr. s. 122-123. Zoz. menovaných aut. podľa roku absolvovania vysokoškolského štúdia 
648 7 |a 20.-21. stor.  |2 SNKPH  |9 270701 
648 7 |a 20th-21st centuries  |2 SNKPHeng  |9 285312 
650 0 7 |a umelecké sklárstvo  |2 SNKPH  |9 99545 
650 0 7 |a sklárski výtvarníci  |2 SNKPH  |9 114048 
650 0 7 |a Art glass manufacture  |2 SNKPHeng  |9 330718 
650 0 7 |a Glass artists  |2 SNKPHeng  |9 332621 
651 7 |a Slovensko  |2 SNKPH  |9 14231 
651 7 |a Slovakia  |2 SNKPHeng  |9 92630 
655 7 |a obrazové publikácie  |2 SNKPH  |9 70343 
655 7 |a Pictorial works  |2 SNKPHeng  |9 284468 
700 1 |a McCullough, Paul,  |d 1956-  |4 trl  |9 195335 
700 1 |a Müllerová, Katarína,  |d 1978-  |4 trl  |9 159750 
919 |a 978-80-970930-0-6 
958 |a NB 
958 |a OP 
968 |b SLO 
999 |c 666313  |d 668243 
952 |a SNK  |b SNK  |y PREZ  |7 0  |p 17A1056233  |o snkSB 84005  |i snk2012/22691  |8 0  |0 0  |1 0  |4 0  |d 2012-11-07  |f 1  |l 0  |r 2025-05-06 00:00:00  |w 2026-02-23 
952 |a SNK  |b SNK  |y VYP  |7 0  |p 17A1056232  |o snkSB 84005 D1  |i snk2012/22693  |8 0  |0 0  |1 0  |4 0  |d 2012-11-07  |l 0  |r 2016-06-30 00:00:00  |w 2026-02-23